[Event "DEM U10w 2023"]
[Site "Willingen GER"]
[Date "2023.05.29"]
[Round "3"]
[White "Lola, Georgia-Maria"]
[Black "Schirmbeck, Lilian"]
[Result "1-0"]
[Termination "normal"]
[Board "1"]
[WhiteElo "1293"]
[BlackElo "1661"]
[WhiteClock "00:49:23"]
[BlackClock "00:15:24"]
[PlyCount "70"]
[WhiteFideId "34629335"]
[BlackFideId "34620532"]
[EventCountry "GER"]
[EventRounds "11"]
[EventType "swiss"]
[EventDate "2023.05.27"]

1. e4 {[%clk 01:15:57]} {[%emt 00:00:04]} d5 {[%clk 01:15:54]} {[%emt
00:00:05]} 2. exd5 {[%clk 01:16:21]} {[%emt 00:00:06]} Qxd5 {[%clk 01:16:18]}
{[%emt 00:00:06]} 3. Nc3 {[%clk 01:16:41]} {[%emt 00:00:10]} Qd6 {[%clk
01:16:41]} {[%emt 00:00:08]} 4. d4 {[%clk 01:17:02]} {[%emt 00:00:08]} Nf6
{[%clk 01:15:59]} {[%emt 00:01:12]} 5. Nf3 {[%clk 01:17:20]} {[%emt 00:00:12]}
a6 {[%clk 01:15:28]} {[%emt 00:01:02]} 6. Bd3 {[%clk 01:17:39]} {[%emt
00:00:11]} Nc6 {[%clk 01:10:47]} {[%emt 00:05:11]} 7. O-O {[%clk 01:16:00]}
{[%emt 00:02:08]} Bg4 {[%clk 01:08:37]} {[%emt 00:02:39]} 8. h3 {[%clk
01:14:45]} {[%emt 00:01:46]} Bh5 {[%emt 00:07:33]} 9. Ne4 {[%clk 01:08:44]}
{[%emt 00:06:27]} Nxe4 {[%clk 00:55:11]} {[%emt 00:06:58]} 10. Bxe4 {[%clk
01:08:44]} {[%emt 00:00:29]} O-O-O {[%clk 00:53:12]} {[%emt 00:02:30]} 11. c3
{[%clk 01:06:32]} {[%emt 00:02:41]} e6 {[%clk 00:36:16]} {[%emt 00:17:26]} 12.
Qb3 {[%clk 01:05:32]} {[%emt 00:01:31]} Na5 {[%clk 00:27:08]} {[%emt 00:09:38]}
13. Qa4 {[%clk 01:05:00]} {[%emt 00:00:54]} Qb6 {[%clk 00:26:52]} {[%emt
00:00:54]} 14. b4 {[%clk 00:58:46]} {[%emt 00:06:43]} Nc4 {[%clk 00:26:36]}
{[%emt 00:00:46]} 15. Nd2 {[%clk 00:56:06]} {[%emt 00:03:03]} Nxd2 {[%clk
00:22:54]} {[%emt 00:04:19]} 16. Bxd2 {[%clk 00:56:01]} {[%emt 00:00:35]} Be2
{[%clk 00:21:43]} {[%emt 00:01:40]} 17. Rfc1 {[%clk 00:54:04]} {[%emt
00:02:21]} Qb5 {[%clk 00:11:02]} {[%emt 00:11:19]} 18. Qc2 {[%clk 00:52:55]}
{[%emt 00:01:33]} f5 {[%clk 00:10:30]} {[%emt 00:01:08]} 19. a4 {[%clk
00:53:06]} {[%emt 00:00:16]} Qc4 {[%clk 00:10:48]} {[%emt 00:00:13]} 20. Bg5
{[%clk 00:52:28]} {[%emt 00:00:57]} Rd7 {[%clk 00:08:56]} {[%emt 00:02:34]} 21.
Re1 {[%clk 00:51:59]} {[%emt 00:00:59]} Bh5 {[%clk 00:07:05]} {[%emt 00:02:22]}
22. Bd3 {[%clk 00:52:17]} {[%emt 00:00:07]} Qd5 {[%clk 00:07:06]} {[%emt
00:00:32]} 23. Re5 {[%clk 00:51:35]} {[%emt 00:01:08]} Qd6 {[%clk 00:07:07]}
{[%emt 00:00:34]} 24. b5 {[%clk 00:51:05]} {[%emt 00:01:01]} a5 {[%clk
00:07:23]} {[%emt 00:00:14]} 25. Bc4 {[%clk 00:50:45]} {[%emt 00:00:47]} Bf7
{[%clk 00:03:58]} {[%emt 00:03:58]} 26. Rae1 {[%clk 00:50:30]} {[%emt
00:00:39]} h6 {[%clk 00:04:11]} {[%emt 00:00:22]} 27. Bf4 {[%clk 00:49:44]}
{[%emt 00:01:13]} g5 {[%clk 00:03:59]} {[%emt 00:00:46]} 28. Bc1 {[%clk
00:49:44]} {[%emt 00:00:27]} Re7 {[%clk 00:03:16]} {[%emt 00:01:16]} 29. Qb3
{[%clk 00:49:52]} {[%emt 00:00:19]} Bg7 {[%clk 00:01:31]} {[%emt 00:02:18]} 30.
Ba3 {[%clk 00:50:16]} {[%emt 00:00:06]} Qd7 {[%clk 00:01:49]} {[%emt 00:00:12]}
31. Bxe7 {[%clk 00:48:15]} {[%emt 00:02:30]} Bxe5 {[%clk 00:01:32]} {[%emt
00:00:47]} 32. Rxe5 {[%clk 00:48:38]} {[%emt 00:00:07]} Qxe7 {[%clk 00:01:48]}
{[%emt 00:00:15]} 33. Bxe6+ {[%clk 00:49:01]} {[%emt 00:00:06]} Bxe6 {[%clk
00:01:45]} {[%emt 00:00:33]} 34. Rxe6 {[%clk 00:49:26]} {[%emt 00:00:05]} Qf7
{[%clk 00:01:50]} {[%emt 00:00:26]} 35. b6 {[%clk 00:49:23]} {[%emt 00:00:33]}
c6 {[%clk 00:15:24]} {[%emt 00:01:56]} 1-0

[Event "DEM U10w 2023"]
[Site "Willingen GER"]
[Date "2023.05.29"]
[Round "3"]
[White "Bohatyrova, Mariia"]
[Black "Tu, Tiffany"]
[Result "0-1"]
[Termination "normal"]
[Board "2"]
[WhiteElo "1357"]
[BlackElo "1071"]
[WhiteClock "00:01:48"]
[BlackClock "00:23:28"]
[PlyCount "47"]
[WhiteFideId "34165789"]
[BlackFideId "34628576"]
[EventCountry "GER"]
[EventRounds "11"]
[EventType "swiss"]
[EventDate "2023.05.27"]

1. Nf3 {[%clk 01:15:57]} {[%emt 00:00:02]} d5 {[%clk 01:15:53]} {[%emt
00:00:07]} 2. d4 {[%clk 01:16:23]} {[%emt 00:00:05]} e6 {[%clk 01:16:16]}
{[%emt 00:00:06]} 3. c4 {[%clk 01:16:43]} {[%emt 00:00:11]} c5 {[%clk
01:16:39]} {[%emt 00:00:07]} 4. cxd5 {[%clk 01:16:31]} {[%emt 00:00:42]} exd5
{[%clk 01:16:55]} {[%emt 00:00:13]} 5. e3 {[%clk 01:12:00]} {[%emt 00:05:02]}
Nc6 {[%clk 01:17:07]} {[%emt 00:00:17]} 6. Nc3 {[%clk 01:11:44]} {[%emt
00:00:47]} Nf6 {[%clk 01:17:24]} {[%emt 00:00:13]} 7. Be2 {[%clk 01:09:24]}
{[%emt 00:02:50]} Bd6 {[%clk 01:14:13]} {[%emt 00:03:40]} 8. O-O {[%clk
01:09:10]} {[%emt 00:00:45]} O-O {[%clk 01:14:12]} {[%emt 00:00:29]} 9. b3
{[%clk 01:07:26]} {[%emt 00:02:15]} Re8 {[%clk 01:13:26]} {[%emt 00:01:14]} 10.
Bb2 {[%clk 00:52:35]} {[%emt 00:15:23]} cxd4 {[%clk 01:10:34]} {[%emt
00:03:22]} 11. Nxd4 {[%clk 00:52:51]} {[%emt 00:00:14]} Nxd4 {[%clk 01:10:21]}
{[%emt 00:00:44]} 12. Qxd4 {[%clk 00:52:59]} {[%emt 00:00:21]} Be5 {[%clk
01:09:51]} {[%emt 00:01:00]} 13. Qd3 {[%clk 00:41:28]} {[%emt 00:12:00]} Bd7
{[%clk 00:55:47]} {[%emt 00:14:35]} 14. Rac1 {[%clk 00:31:24]} {[%emt
00:10:34]} Rc8 {[%clk 00:45:28]} {[%emt 00:10:50]} 15. Rc2 {[%clk 00:18:55]}
{[%emt 00:12:59]} Qc7 {[%clk 00:42:02]} {[%emt 00:03:55]} 16. Rfc1 {[%clk
00:18:06]} {[%emt 00:01:19]} Qb8 {[%clk 00:36:43]} {[%emt 00:05:49]} 17. g3
{[%clk 00:08:49]} {[%emt 00:09:47]} b6 {[%clk 00:31:24]} {[%emt 00:05:50]} 18.
Bf3 {[%clk 00:08:44]} {[%emt 00:00:33]} Rcd8 {[%clk 00:26:49]} {[%emt
00:05:06]} 19. Ne2 {[%clk 00:02:28]} {[%emt 00:06:45]} Bh3 {[%clk 00:24:03]}
{[%emt 00:03:17]} 20. Bxe5 {[%clk 00:02:21]} {[%emt 00:00:38]} Rxe5 {[%clk
00:24:02]} {[%emt 00:00:30]} 21. Nf4 {[%clk 00:02:45]} {[%emt 00:00:07]} Bf5
{[%clk 00:24:07]} {[%emt 00:00:23]} 22. Qd4 {[%clk 00:01:37]} {[%emt 00:01:38]}
Bxc2 {[%clk 00:23:59]} {[%emt 00:00:37]} 23. Rxc2 {[%clk 00:01:55]} {[%emt
00:00:15]} Qd6 {[%clk 00:23:28]} {[%emt 00:01:00]} 24. Rd2 {[%clk 00:01:48]}
{[%emt 00:00:38]} *

[Event "DEM U10w 2023"]
[Site "Willingen GER"]
[Date "2023.05.29"]
[Round "3"]
[White "Tischlinger, Lara"]
[Black "Shynkar, Daria"]
[Result "1/2-1/2"]
[Termination "normal"]
[Board "3"]
[WhiteElo "1238"]
[BlackElo "1179"]
[WhiteClock "00:22:48"]
[BlackClock "00:30:30"]
[PlyCount "99"]
[WhiteFideId "34663401"]
[BlackFideId "34163212"]
[EventCountry "GER"]
[EventRounds "11"]
[EventType "swiss"]
[EventDate "2023.05.27"]

1. e4 {[%clk 01:15:57]} {[%emt 00:00:03]} c5 {[%clk 01:15:57]} {[%emt
00:00:03]} 2. Nf3 {[%clk 01:16:21]} {[%emt 00:00:06]} Nc6 {[%clk 01:16:24]}
{[%emt 00:00:04]} 3. d4 {[%clk 01:16:41]} {[%emt 00:00:09]} cxd4 {[%clk
01:16:50]} {[%emt 00:00:04]} 4. Nxd4 {[%clk 01:17:03]} {[%emt 00:00:08]} Nf6
{[%clk 01:17:17]} {[%emt 00:00:03]} 5. Nc3 {[%clk 01:17:16]} {[%emt 00:00:17]}
e5 {[%clk 01:17:43]} {[%emt 00:00:04]} 6. Ndb5 {[%clk 01:17:34]} {[%emt
00:00:12]} d6 {[%clk 01:18:07]} {[%emt 00:00:06]} 7. Nd5 {[%clk 01:17:54]}
{[%emt 00:00:10]} Nxd5 {[%clk 01:18:09]} {[%emt 00:00:28]} 8. exd5 {[%clk
01:18:16]} {[%emt 00:00:07]} Nb8 {[%clk 01:18:32]} {[%emt 00:00:08]} 9. Qf3
{[%clk 01:18:32]} {[%emt 00:00:13]} Bd7 {[%clk 01:17:45]} {[%emt 00:01:18]} 10.
Bd2 {[%clk 01:09:06]} {[%emt 00:09:56]} Be7 {[%clk 01:15:28]} {[%emt 00:02:47]}
11. Qa3 {[%clk 01:03:40]} {[%emt 00:05:56]} Bxb5 {[%clk 01:14:50]} {[%emt
00:01:08]} 12. Bxb5+ {[%clk 01:03:54]} {[%emt 00:00:15]} Nd7 {[%clk 01:15:16]}
{[%emt 00:00:05]} 13. O-O {[%clk 01:01:39]} {[%emt 00:02:45]} a6 {[%clk
01:15:30]} {[%emt 00:00:17]} 14. Be2 {[%clk 00:59:02]} {[%emt 00:03:05]} O-O
{[%clk 01:13:32]} {[%emt 00:02:29]} 15. Qh3 {[%clk 00:55:21]} {[%emt 00:04:10]}
Nf6 {[%clk 01:12:04]} {[%emt 00:01:58]} 16. c4 {[%clk 00:52:20]} {[%emt
00:03:34]} Rb8 {[%clk 01:00:17]} {[%emt 00:12:15]} 17. a4 {[%clk 00:49:07]}
{[%emt 00:03:43]} Qb6 {[%clk 00:55:07]} {[%emt 00:05:39]} 18. b4 {[%clk
00:45:42]} {[%emt 00:03:56]} Qc7 {[%clk 00:47:40]} {[%emt 00:07:57]} 19. Qb3
{[%clk 00:40:52]} {[%emt 00:05:20]} Ne4 {[%clk 00:47:00]} {[%emt 00:01:10]} 20.
Be3 {[%clk 00:39:47]} {[%emt 00:01:35]} b6 {[%clk 00:43:49]} {[%emt 00:03:42]}
21. Bd3 {[%clk 00:36:16]} {[%emt 00:04:00]} Nf6 {[%clk 00:43:46]} {[%emt
00:00:32]} 22. Rfb1 {[%clk 00:35:34]} {[%emt 00:01:13]} a5 {[%clk 00:43:36]}
{[%emt 00:00:41]} 23. Qa3 {[%clk 00:34:27]} {[%emt 00:01:36]} Nd7 {[%clk
00:42:57]} {[%emt 00:01:08]} 24. Bd2 {[%clk 00:33:03]} {[%emt 00:01:54]} Bf6
{[%clk 00:43:11]} {[%emt 00:00:17]} 25. Ra2 {[%clk 00:33:06]} {[%emt 00:00:27]}
Rfe8 {[%clk 00:40:32]} {[%emt 00:03:09]} 26. Qc1 {[%clk 00:31:21]} {[%emt
00:02:04]} e4 {[%clk 00:40:51]} {[%emt 00:00:22]} 27. Be2 {[%clk 00:31:27]}
{[%emt 00:00:24]} Ne5 {[%clk 00:40:15]} {[%emt 00:01:06]} 28. Ra3 {[%clk
00:29:19]} {[%emt 00:02:38]} Rec8 {[%clk 00:36:22]} {[%emt 00:04:22]} 29. bxa5
{[%clk 00:28:00]} {[%emt 00:01:50]} bxa5 {[%clk 00:36:45]} {[%emt 00:00:07]}
30. Rxb8 {[%clk 00:28:20]} {[%emt 00:00:10]} Rxb8 {[%clk 00:37:08]} {[%emt
00:00:07]} 31. Qc2 {[%clk 00:27:19]} {[%emt 00:01:31]} Qc5 {[%clk 00:36:53]}
{[%emt 00:00:44]} 32. Rb3 {[%clk 00:27:11]} {[%emt 00:00:38]} Rxb3 {[%clk
00:36:51]} {[%emt 00:00:33]} 33. Qxb3 {[%clk 00:27:32]} {[%emt 00:00:09]} Bd8
{[%clk 00:37:09]} {[%emt 00:00:12]} 34. Bg5 {[%clk 00:26:33]} {[%emt 00:01:29]}
f6 {[%clk 00:37:07]} {[%emt 00:00:32]} 35. Bd2 {[%clk 00:26:54]} {[%emt
00:00:09]} Qb6 {[%clk 00:35:40]} {[%emt 00:01:57]} 36. Qb5 {[%clk 00:27:03]}
{[%emt 00:00:21]} Qxb5 {[%clk 00:35:04]} {[%emt 00:01:05]} 37. axb5 {[%clk
00:27:16]} {[%emt 00:00:18]} Bb6 {[%clk 00:35:08]} {[%emt 00:00:25]} 38. Kf1
{[%clk 00:27:14]} {[%emt 00:00:33]} a4 {[%clk 00:34:59]} {[%emt 00:00:39]} 39.
Bb4 {[%clk 00:27:27]} {[%emt 00:00:17]} Bc7 {[%clk 00:35:04]} {[%emt 00:00:26]}
40. Ke1 {[%clk 00:27:23]} {[%emt 00:00:33]} Kf7 {[%clk 00:35:17]} {[%emt
00:00:17]} 41. Kd2 {[%clk 00:27:41]} {[%emt 00:00:12]} Ke7 {[%clk 00:35:34]}
{[%emt 00:00:12]} 42. Kc3 {[%clk 00:27:59]} {[%emt 00:00:12]} Bb6 {[%clk
00:36:02]} {[%emt 00:00:03]} 43. f3 {[%clk 00:27:20]} {[%emt 00:01:09]} exf3
{[%clk 00:35:57]} {[%emt 00:00:35]} 44. Bxf3 {[%clk 00:26:55]} {[%emt
00:00:54]} f5 {[%clk 00:36:11]} {[%emt 00:00:16]} 45. Bd1 {[%clk 00:27:17]}
{[%emt 00:00:08]} f4 {[%clk 00:34:19]} {[%emt 00:02:23]} 46. Be2 {[%clk
00:26:51]} {[%emt 00:00:56]} g5 {[%clk 00:33:11]} {[%emt 00:01:37]} 47. Kb2
{[%clk 00:23:37]} {[%emt 00:03:45]} Bd4+ {[%clk 00:31:50]} {[%emt 00:01:51]}
48. Bc3 {[%clk 00:23:34]} {[%emt 00:00:33]} a3+ {[%clk 00:32:15]} {[%emt
00:00:06]} 49. Kc2 {[%clk 00:23:09]} {[%emt 00:00:54]} Bc5 {[%clk 00:30:30]}
{[%emt 00:02:14]} 50. Bxe5 {[%clk 00:22:48]} {[%emt 00:00:52]} 1/2-1/2

[Event "DEM U10w 2023"]
[Site "Willingen GER"]
[Date "2023.05.29"]
[Round "3"]
[White "Heidtkamp, Anna"]
[Black "Berger, Jennifer"]
[Result "1-0"]
[Termination "normal"]
[Board "4"]
[WhiteElo "1352"]
[BlackElo "1137"]
[WhiteClock "00:08:57"]
[BlackClock "01:04:50"]
[PlyCount "107"]
[WhiteFideId "16269012"]
[BlackFideId "34630074"]
[EventCountry "GER"]
[EventRounds "11"]
[EventType "swiss"]
[EventDate "2023.05.27"]

1. e4 {[%clk 01:15:58]} {[%emt 13:40:01]} e5 {[%clk 01:15:51]} {[%emt
00:00:09]} 2. Nf3 {[%clk 01:16:23]} {[%emt 00:00:05]} Nc6 {[%clk 01:16:15]}
{[%emt 00:00:07]} 3. Bc4 {[%clk 01:16:46]} {[%emt 00:00:06]} Nf6 {[%clk
01:16:31]} {[%emt 00:00:14]} 4. d3 {[%clk 01:17:10]} {[%emt 00:00:07]} h6
{[%clk 01:16:37]} {[%emt 00:00:23]} 5. Nc3 {[%clk 01:17:33]} {[%emt 00:00:07]}
Bc5 {[%clk 01:16:21]} {[%emt 00:00:46]} 6. Be3 {[%clk 01:17:48]} {[%emt
00:00:14]} Bxe3 {[%clk 01:16:06]} {[%emt 00:00:45]} 7. fxe3 {[%clk 01:18:08]}
{[%emt 00:00:11]} d6 {[%clk 01:15:25]} {[%emt 00:01:11]} 8. a3 {[%clk
01:15:32]} {[%emt 00:03:06]} Qe7 {[%clk 01:15:24]} {[%emt 00:00:31]} 9. h3
{[%clk 01:13:04]} {[%emt 00:02:57]} Be6 {[%clk 01:15:14]} {[%emt 00:00:41]} 10.
Nd5 {[%clk 01:07:07]} {[%emt 00:06:28]} Bxd5 {[%clk 01:13:28]} {[%emt
00:02:16]} 11. Bxd5 {[%clk 01:04:42]} {[%emt 00:02:54]} Qd7 {[%clk 01:11:58]}
{[%emt 00:01:59]} 12. Ba2 {[%clk 01:03:11]} {[%emt 00:02:02]} d5 {[%clk
01:08:33]} {[%emt 00:03:54]} 13. exd5 {[%clk 01:00:53]} {[%emt 00:02:48]} Nxd5
{[%clk 01:08:52]} {[%emt 00:00:11]} 14. Bxd5 {[%clk 00:55:11]} {[%emt
00:06:13]} Qxd5 {[%clk 01:09:10]} {[%emt 00:00:11]} 15. e4 {[%clk 00:52:25]}
{[%emt 00:03:17]} Qd7 {[%clk 01:08:56]} {[%emt 00:00:44]} 16. Qd2 {[%clk
00:45:49]} {[%emt 00:07:06]} O-O-O {[%clk 01:09:02]} {[%emt 00:00:25]} 17.
O-O-O {[%clk 00:45:18]} {[%emt 00:01:00]} f6 {[%clk 01:09:00]} {[%emt
00:00:32]} 18. Qc3 {[%clk 00:40:23]} {[%emt 00:05:25]} Nd4 {[%clk 01:08:11]}
{[%emt 00:01:19]} 19. Nxd4 {[%clk 00:40:43]} {[%emt 00:00:09]} Qxd4 {[%clk
01:08:36]} {[%emt 00:00:06]} 20. Qxd4 {[%clk 00:41:09]} {[%emt 00:00:04]} Rxd4
{[%clk 01:09:00]} {[%emt 00:00:06]} 21. Rhf1 {[%clk 00:40:07]} {[%emt
00:01:32]} Rf8 {[%clk 01:08:15]} {[%emt 00:01:14]} 22. Rf3 {[%clk 00:39:19]}
{[%emt 00:01:18]} Rd6 {[%clk 01:07:05]} {[%emt 00:01:40]} 23. Rdf1 {[%clk
00:38:50]} {[%emt 00:00:59]} Kd7 {[%clk 01:06:00]} {[%emt 00:01:36]} 24. Rg3
{[%clk 00:39:08]} {[%emt 00:00:11]} Rf7 {[%clk 01:05:51]} {[%emt 00:00:39]} 25.
Rff3 {[%clk 00:39:00]} {[%emt 00:00:39]} Ke6 {[%clk 01:05:14]} {[%emt
00:01:08]} 26. Rg6 {[%clk 00:39:19]} {[%emt 00:00:10]} Rdd7 {[%clk 01:05:18]}
{[%emt 00:00:26]} 27. Rfg3 {[%clk 00:36:21]} {[%emt 00:03:28]} b5 {[%clk
01:04:34]} {[%emt 00:01:14]} 28. Kd2 {[%clk 00:35:07]} {[%emt 00:01:45]} c5
{[%clk 01:04:25]} {[%emt 00:00:38]} 29. Kc3 {[%clk 00:35:04]} {[%emt 00:00:30]}
a5 {[%clk 01:04:08]} {[%emt 00:00:50]} 30. b3 {[%clk 00:34:31]} {[%emt
00:01:03]} b4+ {[%clk 01:02:59]} {[%emt 00:01:39]} 31. axb4 {[%clk 00:34:40]}
{[%emt 00:00:21]} axb4+ {[%clk 01:03:19]} {[%emt 00:00:10]} 32. Kd2 {[%clk
00:33:21]} {[%emt 00:01:48]} Kd6 {[%clk 01:03:19]} {[%emt 00:00:30]} 33. h4
{[%clk 00:33:24]} {[%emt 00:00:28]} Ke6 {[%clk 01:03:13]} {[%emt 00:00:36]} 34.
Rf3 {[%clk 00:33:23]} {[%emt 00:00:31]} Rc7 {[%clk 01:03:12]} {[%emt 00:00:28]}
35. Rf1 {[%clk 00:31:03]} {[%emt 00:02:53]} Rfd7 {[%clk 01:03:15]} {[%emt
00:00:27]} 36. Ra1 {[%clk 00:28:20]} {[%emt 00:03:13]} Ra7 {[%clk 01:03:29]}
{[%emt 00:00:16]} 37. Rf1 {[%clk 00:27:33]} {[%emt 00:01:17]} Rac7 {[%clk
01:03:37]} {[%emt 00:00:23]} 38. Ke3 {[%clk 00:25:25]} {[%emt 00:02:37]} Kf7
{[%clk 01:03:38]} {[%emt 00:00:30]} 39. Rg3 {[%clk 00:24:17]} {[%emt 00:01:37]}
Ra7 {[%clk 01:03:50]} {[%emt 00:00:18]} 40. Rgf3 {[%clk 00:23:23]} {[%emt
00:01:23]} Ra2 {[%clk 01:04:05]} {[%emt 00:00:16]} 41. R3f2 {[%clk 00:23:01]}
{[%emt 00:00:52]} Rda7 {[%clk 01:03:57]} {[%emt 00:00:39]} 42. g4 {[%clk
00:20:31]} {[%emt 00:02:59]} Kg6 {[%clk 01:04:03]} {[%emt 00:00:24]} 43. h5+
{[%clk 00:18:41]} {[%emt 00:02:19]} Kf7 {[%clk 01:04:06]} {[%emt 00:00:27]} 44.
Kd2 {[%clk 00:17:25]} {[%emt 00:01:46]} Rb2 {[%clk 01:04:22]} {[%emt 00:00:16]}
45. Rc1 {[%clk 00:16:14]} {[%emt 00:01:41]} Raa2 {[%clk 01:04:16]} {[%emt
00:00:35]} 46. Ke3 {[%clk 00:16:24]} {[%emt 00:00:20]} Ke6 {[%clk 01:04:12]}
{[%emt 00:00:33]} 47. Rd2 {[%clk 00:14:56]} {[%emt 00:01:59]} Kf7 {[%clk
01:04:21]} {[%emt 00:00:22]} 48. Rf2 {[%clk 00:11:27]} {[%emt 00:03:59]} g6
{[%clk 01:04:35]} {[%emt 00:00:16]} 49. Rcf1 {[%clk 00:08:04]} {[%emt
00:03:52]} gxh5 {[%clk 01:04:34]} {[%emt 00:00:31]} 50. Rxf6+ {[%clk 00:08:23]}
{[%emt 00:00:10]} Kg7 {[%clk 01:04:56]} {[%emt 00:00:09]} 51. gxh5 {[%clk
00:08:32]} {[%emt 00:00:21]} Rxc2 {[%clk 01:05:07]} {[%emt 00:00:19]} 52. Rf7+
{[%clk 00:08:56]} {[%emt 00:00:06]} Kh8 {[%clk 01:04:46]} {[%emt 00:00:51]} 53.
Rf8+ {[%clk 00:09:12]} {[%emt 00:00:15]} Kg7 {[%clk 01:04:50]} {[%emt
00:00:26]} 54. R1f7# {[%clk 00:08:57]} {[%emt 00:00:14]} 1-0

[Event "DEM U10w 2023"]
[Site "Willingen GER"]
[Date "2023.05.29"]
[Round "3"]
[White "Kübart, Ela Marie"]
[Black "Englert, Ann"]
[Result "1/2-1/2"]
[Termination "normal"]
[Board "5"]
[WhiteElo "1198"]
[BlackElo "1328"]
[WhiteClock "00:30:55"]
[BlackClock "00:45:16"]
[PlyCount "49"]
[WhiteFideId "34633723"]
[BlackFideId "34606181"]
[EventCountry "GER"]
[EventRounds "11"]
[EventType "swiss"]
[EventDate "2023.05.27"]

1. e4 {[%clk 01:15:57]} {[%emt 00:00:03]} c5 {[%emt 00:00:07]} 2. Nc3 {[%clk
01:16:17]} {[%emt 00:00:06]} Nc6 {[%clk 01:16:19]} {[%emt 00:00:07]} 3. Bb5
{[%clk 01:16:20]} {[%emt 00:00:27]} g6 {[%clk 01:16:41]} {[%emt 00:00:08]} 4.
Bxc6 {[%clk 01:16:21]} {[%emt 00:00:29]} dxc6 {[%clk 01:16:52]} {[%emt
00:00:19]} 5. Nf3 {[%clk 01:14:55]} {[%emt 00:01:56]} Bg7 {[%clk 01:16:51]}
{[%emt 00:00:31]} 6. O-O {[%clk 01:14:48]} {[%emt 00:00:37]} Nf6 {[%clk
01:17:05]} {[%emt 00:00:16]} 7. d3 {[%clk 01:14:17]} {[%emt 00:01:01]} O-O
{[%clk 01:17:03]} {[%emt 00:00:32]} 8. Bf4 {[%clk 01:08:07]} {[%emt 00:06:39]}
Be6 {[%clk 01:14:12]} {[%emt 00:03:22]} 9. Be5 {[%clk 01:04:49]} {[%emt
00:03:45]} Qd7 {[%clk 01:10:23]} {[%emt 00:04:21]} 10. Qd2 {[%clk 01:01:59]}
{[%emt 00:03:20]} Bg4 {[%clk 01:08:07]} {[%emt 00:02:44]} 11. Qe3 {[%clk
00:58:26]} {[%emt 00:04:05]} b6 {[%clk 01:06:53]} {[%emt 00:01:46]} 12. h3
{[%clk 00:54:27]} {[%emt 00:04:29]} Be6 {[%clk 01:05:01]} {[%emt 00:02:21]} 13.
Ng5 {[%clk 00:49:20]} {[%emt 00:05:37]} h6 {[%clk 01:01:11]} {[%emt 00:04:20]}
14. Bxf6 {[%clk 00:48:10]} {[%emt 00:01:40]} exf6 {[%clk 01:01:03]} {[%emt
00:00:39]} 15. Nf3 {[%clk 00:46:07]} {[%emt 00:02:30]} Rad8 {[%clk 00:59:17]}
{[%emt 00:02:18]} 16. Rad1 {[%clk 00:43:36]} {[%emt 00:02:54]} Qd6 {[%clk
00:55:11]} {[%emt 00:04:43]} 17. Rfe1 {[%clk 00:42:04]} {[%emt 00:02:02]} Rfe8
{[%clk 00:54:14]} {[%emt 00:01:28]} 18. d4 {[%clk 00:38:20]} {[%emt 00:04:14]}
cxd4 {[%clk 00:51:13]} {[%emt 00:03:30]} 19. Rxd4 {[%clk 00:37:32]} {[%emt
00:01:16]} Qc7 {[%clk 00:51:01]} {[%emt 00:00:41]} 20. Rxd8 {[%clk 00:37:16]}
{[%emt 00:00:48]} Rxd8 {[%clk 00:51:02]} {[%emt 00:00:29]} 21. Re2 {[%clk
00:33:05]} {[%emt 00:04:40]} Kh7 {[%clk 00:48:14]} {[%emt 00:03:20]} 22. Rd2
{[%clk 00:32:16]} {[%emt 00:01:17]} h5 {[%clk 00:45:39]} {[%emt 00:03:07]} 23.
Rxd8 {[%clk 00:31:50]} {[%emt 00:00:56]} Qxd8 {[%clk 00:45:40]} {[%emt
00:00:29]} 24. Qd3 {[%clk 00:30:52]} {[%emt 00:01:24]} Qxd3 {[%clk 00:45:16]}
{[%emt 00:00:59]} 25. cxd3 {[%clk 00:30:55]} {[%emt 00:00:26]} 1/2-1/2